| 000 | 01066nam a2200265Ia 4500 | ||
|---|---|---|---|
| 003 | OSt | ||
| 005 | 20221005104150.0 | ||
| 006 | a|||||r|||| 00| 0 | ||
| 007 | ta | ||
| 008 | 221004b |||||||| |||| 00| 0 hin d | ||
| 020 | _a818640000X (hbk) | ||
| 024 | _a27015 | ||
| 037 |
_bGift, 17/05/2016, _cTextual |
||
| 040 |
_aCRL _cCRL _bhin |
||
| 041 |
_2hin _ahin |
||
| 082 | _aO152,6N4117x, P7 | ||
| 100 | _aशर्मा, योगेन्द्रनाथ, ‘अरूण’ | ||
| 245 | 0 |
_aअक्षर - चिन्तन _b शोधपरक - साहित्यिक निबन्ध |
|
| 246 | _aAkṣhar - chintana: shodhaparak - sāhityik nibandha | ||
| 260 |
_aदिल्ली _bनिर्मल पब्लिकेशन्स् भारत _c2007 |
||
| 300 |
_a184पृ0 _ccm. |
||
| 650 | _aहिन्दी साहित्य | ||
| 942 |
_hO152,6N4117x, P7 _cTEXL _2cc |
||
| 999 |
_c1011918 _d1011918 |
||